00307nam a2200121 a 4500001000500000005001700005008004100022050001800063100001600081245002200097260003700119440002900156414020140414131903.0090218s19uu xx 00 eng d aFICbL58 1953 aLewis, C.S. aThe silver chair. aNew York :bScholastic ,c1953. aThe Chronicles of Narnia